000 00292nam a22001337a 4500
008 180227b xxu||||| |||| 00| 0 eng d
020 _a9780814479407
041 _aeng
080 _a338
100 _a54
101 _aMEN
245 _aThe first-time manager
_cBelker,L.B
942 _2udc
_cBK
999 _c43646
_d43646